000 01349cam a22004214a 4500
001 muse84801
003 MdBmJHUP
005 20210127151609.0
006 m o d
007 cr||||||||nn|n
008 060923s2006 mx o 00 0 spa d
010 _z 2006493492
020 _a9786076286135
020 _z9681211871
020 _z9789681211875
035 _a(OCoLC)1151421502
040 _aMdBmJHUP
_cMdBmJHUP
050 0 4 _aP326
_b.L36 2006
100 1 _aLara, Luis Fernando.
245 1 0 _aCurso de lexicología
_cLuis Fernando Lara.
250 _a1. ed.
264 1 _bColegio de Mexico,
264 3 _bProject MUSE,
300 _a1 online resource (258 p. ) :
_bill. ;
490 0 _aColección Tramas ;
_v2
500 _aIncludes bibliographical references and index.
506 0 _aOpen Access
_fUnrestricted online access
_2star
588 _aDescription based on print version record.
650 0 _aLexicology.
655 7 _aElectronic books.
_2local
710 2 _aProject Muse.
_edistributor
830 0 _aBook collections on Project MUSE.
856 4 0 _zFull text available:
_uhttps://muse.jhu.edu/book/74540/
999 _c26350
_d26350